Responses for Show #2875 - Friday, February 14, 1997

1997-A Teen Tournament final game 2.

Contestants

[<< previous game]

Akiva Fox, a junior from Newton, Massachusetts (subtotal of $5,400)

Josh Den Hartog, a junior from Otley, Iowa (subtotal of $7,274)

Justin Powell, a junior from Charleston, South Carolina (subtotal of $11,700)

[next game >>]

Jeopardy! Round responses

BOOKS ABOUT TEENS
TRANSPORTATION
SITCOM NEIGHBORS
STATE CAPITALS
INTRAMURALS
ALGEBRA
    $100 23
juvenile court

Josh
    $100 1
Trip to work/commute

Akiva
    $100 2
"Family Matters"

Josh
    $100 9
Salt Lake City

Akiva
    $100 21
Table tennis

Josh
    $100 3
45

Akiva
    $200 27
Anne Frank

Akiva
    $200 13
Gondola

Akiva
    $200 4
Jerry Seinfeld

Josh
    $200 14
Sacramento

Justin
    $200 22
Flag football

Akiva
    $200 5
1

Josh
    $300 28
Ophelia

Akiva
    $300 16
Express

Josh
    $300 10
"The Single Guy"

Akiva
    $500 15
Frankfort

Justin
    $300 24
Basketball

Akiva
    $300 6
30

Josh
    $400 29
Samoa

Justin
    $400 19
Refrigerator Car

Justin
    $400 11
"Empty Nest"

Justin
    $400 17
Providence, Rhode Island

Justin
    $400 25
Round Robin

Josh
    $400 7
y plus x

Josh
    $500 30
(A: What is Gossip?)

Sassy

Akiva
Triple Stumper
    $500 20
(Akiva: What is the...)

skateboard

JoshAkiva
    $500 12
Martin Lawrence

Justin
    $500 18
Albany, New York

Justin
    $500 26
Volleyball

Josh
    $500 8
0,0

Josh

Scores at the first commercial break (after clue 15):

Justin Josh Akiva
$1,600 $1,700 $800

Scores at the end of the Jeopardy! Round:

Justin Josh Akiva
$3,300 $3,600 $800

Double Jeopardy! Round responses

THE BUSH ADMINISTRATION
THE BODY HUMAN
OPERA
NOTABLE NAMES
ARTISTS & THEIR SUBJECTS
AROUND THE LIBRARY
    $200 8
Iraq

Josh
    $200 2
Ribs

Josh
    $200 1
Attila

Josh
    $200 17
Paul Revere

Justin
    $200 26
St. George

Josh
    $200 16
Library of Congress

Akiva
    $400 12
Los Angeles

Justin
    $400 3
Canal

Justin
    $400 4
W.A. Mozart

Justin
    $400 20
Neil Armstrong

Josh
    $400 27
Paul Gauguin

Justin
    $400 18
Copyright

Akiva
    $600 13
Contras

Justin
    $600 9
Radius

Josh
    $600 5
Porgy and Bess

Akiva
    $600 21
Hermann Rorschach

Akiva
    $600 28
Michelangelo

Akiva
    $600 19
Card catalogs

Josh
    $800 14
James Baker

Justin
    $3,000 10
(Josh: Well, it's only money. So let's bet $3,000.)
(Alex: It's only money, but it's our money, Josh--you're so cavalier with it!)
...
(Alex: Justin went through the floor when you came up with that at the very last moment!)

the thyroid gland

Josh
    $800 6
Giacomo Puccini

Akiva
    $2,000 22
Hammurabi

Akiva
    $800 29
Edgar Degas

Justin
    $800 24
(Justin: What are special collections?)
(Akiva: What are exhibits?)

stacks

JustinAkiva
Triple Stumper
    $1000 15
Head Start

Justin
    $1000 11
(Justin: What is the skull?)

Dura Mater

Justin
Triple Stumper
    $1000 7
Antonin Dvorak

Justin
    $1000 23
Niccolo Machiavelli

Justin
    $1000 30
Georgia O'Keeffe

Josh
    $1000 25
(Josh: What are CD's?)

Microfiche

JustinJosh

Scores at the end of the Double Jeopardy! Round:

Justin Josh Akiva
$9,500 $9,000 $5,200

[wagering suggestions for these scores]

Final Jeopardy! Round responses

HISTORIC AMERICANS
(Alex: Here come Josh's parents, and let's bring out our other contestants in this tournament! See you next week!)
AkivaWho was Taft
$5,200
JoshWho is Marshall?
$4,928
JustinWho was Roger Taney
$4,075
John Marshall

Final scores:

Justin Josh Akiva
$5,425 $13,928 $0

Cumulative scores:

Justin Josh Akiva
$17,125 $21,202 $5,400
1st runner-up: $17,125 Tournament champion: $25,000 2nd runner-up: $7,500

Game dynamics:

Coryat scores:

Justin Josh Akiva
$9,300 $6,800 $4,000
20 R
(including 1 DD),
2 W
21 R
(including 1 DD),
1 W
16 R
(including 1 DD),
3 W

Combined Coryat: $20,100

[game clues] [game scores] [suggest correction]

Game tape date: 1997-01-09
The J! Archive is created by fans, for fans. Scraping, republication, monetization, and malicious use prohibited; this site may use cookies and collect identifying information. See terms. The Jeopardy! game show and all elements thereof, including but not limited to copyright and trademark thereto, are the property of Jeopardy Productions, Inc. and are protected under law. This website is not affiliated with, sponsored by, or operated by Jeopardy Productions, Inc. Join the discussion at JBoard.tv.